00735nam a2200181 a 4500008004100000020001800041050001600059100002100075245007700096260004300173300002100216650002000237650002300257650001800280995009400298999001700392952014400409130909s2004 ||||||||||||||||| || u a9780340809624 aGB 54.5 Phy aHuggett, Richard10aPhysical geography: a human perspectivescby Richard Hugget [and others] aNew York:bHodder Headline Groupc2004 axiv, 515p.: ill. 0aHUMAN GEOGRAPHY aPHYSICAL GEOGRAPHY 0aHUMAN ECOLOGY FCBU-MAIN LIBRARY (Kitwe)M1UAVAILABLEWSep 10, 2013ZMain Library Open Access Collection c53561d53561 00102lcc4070a001b001cMain Library Open Access Collectiond2022-11-30l1oGB 54.5 Phyp744402r2024-02-01s2024-01-18w2022-11-30y002